Porovnanie vybraného podniku s konkurenciou bakalárska práca

Na minha lista:
Detalhes bibliográficos
Autor principal: Kuník, Jakub
Autor Corporativo: Fakulta podnikového manažmentu EU. Katedra manažmentu
Outros Autores: Záležáková, Eliška
Formato: Livro
Idioma:eslovaco
Publicado em: Bratislava 2012
Tags: Adicionar Tag
Sem tags, seja o primeiro a adicionar uma tag!

MARC

LEADER 00000nbm a2200000 4500
001 0153820
005 20161109111809.7
041 0 |a slo 
044 |a SK 
245 1 0 |a Porovnanie vybraného podniku s konkurenciou  |b bakalárska práca  |c Jakub Kuník ; školiteľ: Eliška Záležáková 
264 1 |a Bratislava  |c 2012 
300 |a 59 s. 
100 1 |a Kuník, Jakub 
700 1 |a Záležáková, Eliška 
710 2 |a Fakulta podnikového manažmentu EU. Katedra manažmentu